| 000 | 00736nam a22002297a 4500 | ||
|---|---|---|---|
| 999 |
_c15094 _d15094 |
||
| 003 | MIRAKIL | ||
| 005 | 20221208161022.0 | ||
| 008 | 221208b tu ||||| |||| 00| 0 tur d | ||
| 020 | _a9786058838314 | ||
| 040 |
_aTR-AnCHP _btur _cTR-AnCHP |
||
| 041 | _atur | ||
| 082 |
_a956.423 _bM86b 2015 |
||
| 100 | 1 | _aMursaloğlu, Mehmet | |
| 245 |
_a1938 Hatay : _b(Hatay meselesi bitmiştir)/ _cHazırlayan: Mehmet Mursaloğlu |
||
| 246 | _a(Hatay meselesi bitmiştir) | ||
| 260 |
_aHatay : _bHatay Büyükşehir Belediyesi, _c2015. |
||
| 300 |
_a148 s. : _bfotg.; _c30 sm. |
||
| 490 | 0 |
_aHatay Büyükşehir Belediyesi Kültür Yayınları ; _v1. |
|
| 651 |
_aHatay _xTarih |
||
| 740 | _a(Hatay meselesi bitmiştir) | ||
| 942 |
_2ddc _cBKS |
||